[Event "Division Honor Aragonesa Grupo A "]
[Site "Aragon"]
[Date "2017.01.28"]
[Round "1.1"]
[White "Forcen Esteban, Daniel"]
[Black "Llanes Luno, Ricardo"]
[Result "1-0"]
[WhiteElo "2541"]
[BlackElo "2156"]
[PlyCount "61"]
[EventDate "2017.01.28"]
[WhiteTeam "Jaime Casas"]
[BlackTeam "Delicias"]

1. e4 c5 2. Nf3 e6 3. d4 cxd4 4. Nxd4 a6 5. Be2 Nf6 6. Nc3 Qc7 7. O-O Nc6 8.
Be3 Be7 9. f4 d6 10. Qe1 Bd7 11. Qg3 O-O 12. Kh1 Kh8 13. Nf3 e5 14. Nh4 Nb4 15.
fxe5 dxe5 16. Rac1 Be6 17. Nf5 Bxf5 18. Rxf5 g6 19. Rf2 Nxa2 20. Nxa2 Nxe4 21.
Qf3 Nxf2+ 22. Qxf2 Rae8 23. Nc3 Bd8 24. Nd5 Qc6 25. c4 f5 26. Bd2 Rf7 27. Bc3
Rd7 28. Bf3 Qd6 29. Re1 Kg8 30. Qe3 f4 31. Qe4 1-0

[Event "Division Honor Aragonesa Grupo A "]
[Site "Aragon"]
[Date "2017.01.28"]
[Round "1.2"]
[White "Roche Simon, Manuel Angel"]
[Black "Ramiro Ovejero, Juan Luis"]
[Result "1-0"]
[WhiteElo "2170"]
[BlackElo "2386"]
[PlyCount "145"]
[EventDate "2017.01.28"]
[WhiteTeam "Delicias"]
[BlackTeam "Jaime Casas"]

1. e4 d6 2. d4 Nf6 3. Nc3 e5 4. Nf3 Nbd7 5. Bc4 Be7 6. a4 O-O 7. O-O a5 8. Re1
c6 9. h3 Nb6 10. Bb3 Nfd7 11. Be3 exd4 12. Nxd4 Nc5 13. Qf3 Bg5 14. Rad1 Bxe3
15. Rxe3 Qg5 16. Qe2 Qe7 17. f4 Be6 18. e5 Nxb3 19. cxb3 dxe5 20. Rxe5 Qf6 21.
Rf1 Bd5 22. Nf5 g6 23. Ne7+ Kh8 24. Qe3 Nd7 25. Nexd5 cxd5 26. Rxd5 Rfe8 27.
Qd2 Nf8 28. Qd4 Qxd4+ 29. Rxd4 Re6 30. f5 Rb6 31. Nb5 Kg7 32. Rd6 Rxd6 33. Nxd6
b6 34. fxg6 Kxg6 35. Nxf7 Re8 36. Nd6 Re6 37. Rxf8 Rxd6 38. Rb8 Kf5 39. Rb7 h6
40. Kf1 Ke4 41. Ke2 Kd5 42. Rc7 Rg6 43. g4 Re6+ 44. Kd3 Rf6 45. h4 Rf3+ 46. Kc2
Rf2+ 47. Kb1 Rh2 48. h5 Rg2 49. Rc4 Rg3 50. Ka2 Rg1 51. Rf4 Kc5 52. Rf5+ Kc6
53. Rf6+ Kc5 54. Rg6 b5 55. g5 hxg5 56. h6 bxa4 57. h7 axb3+ 58. Kxb3 Rh1 59.
Rxg5+ Kb6 60. Rg7 Kb5 61. Kc3 Kc5 62. Kd3 a4 63. Ke4 Kc4 64. Rb7 Rh5 65. Kf4
Kd3 66. Kg4 Rh2 67. Kg5 Kc2 68. Kg6 Rh4 69. Kg7 Rg4+ 70. Kf8 Rh4 71. Kg8 Rg4+
72. Rg7 Rh4 73. Rg2+ 1-0

[Event "Division Honor Aragonesa Grupo A "]
[Site "Aragon"]
[Date "2017.01.28"]
[Round "1.3"]
[White "Quintin Navarro, Alberto"]
[Black "Lamas Mercadal, Manuel"]
[Result "1-0"]
[WhiteElo "2367"]
[BlackElo "2108"]
[PlyCount "77"]
[EventDate "2017.01.28"]
[WhiteTeam "Jaime Casas"]
[BlackTeam "Delicias"]

1. e4 e6 2. d4 d5 3. Nc3 Bb4 4. e5 c5 5. dxc5 Ne7 6. Nf3 Nd7 7. Bd3 Nxc5 8. O-O
Bxc3 9. bxc3 Bd7 10. Re1 h6 11. Nd4 Nxd3 12. Qxd3 O-O 13. Ba3 Re8 14. Bxe7 Qxe7
15. Re3 Rac8 16. Rg3 Rc4 17. Re1 Rec8 18. Qd2 Kh7 19. Ree3 Ra4 20. Rg4 Rxa2 21.
h4 f5 22. exf6 Qxf6 23. Reg3 Rg8 24. Nf3 Qf5 25. Qd4 e5 26. Nxe5 Ra4 27. c4 Be6
28. Rg6 Bf7 29. h5 Be8 30. Nf3 Bxg6 31. hxg6+ Kh8 32. Ne5 Re8 33. Re3 Qf8 34.
Nf7+ Kg8 35. Qxd5 Ra1+ 36. Kh2 Rxe3 37. Nxh6+ Kh8 38. Nf7+ Kg8 39. Nd6+ 1-0

[Event "Division Honor Aragonesa Grupo A "]
[Site "Aragon"]
[Date "2017.01.28"]
[Round "1.4"]
[White "Neila Castillo, Miguel Angel"]
[Black "Fontana Sotomayor, Luis Javier"]
[Result "0-1"]
[WhiteElo "2115"]
[BlackElo "2251"]
[PlyCount "68"]
[EventDate "2017.01.28"]
[WhiteTeam "Delicias"]
[BlackTeam "Jaime Casas"]

1. c4 f5 2. Nc3 Nf6 3. g3 e6 4. Bg2 c6 5. d4 d5 6. c5 b6 7. b4 a5 8. Na4 Nbd7
9. Bd2 axb4 10. Bxb4 bxc5 11. dxc5 Nxc5 12. Nxc5 Bxc5 13. Bxc5 Qa5+ 14. Qd2
Qxc5 15. Rc1 Qb6 16. Nh3 O-O 17. O-O Bd7 18. Rc2 e5 19. Rb2 Qa5 20. Qe3 Rfe8
21. Ng5 Qa3 22. Qd2 h6 23. Nf3 e4 24. Nd4 c5 25. Nb5 Qa5 26. Qxa5 Rxa5 27. Nd6
Rea8 28. Ra1 c4 29. e3 R5a6 30. Nb7 Rb8 31. Nc5 Rxb2 32. Nxa6 c3 33. Bf1 c2 34.
Rc1 Rb1 0-1

[Event "Division Honor Aragonesa Grupo A "]
[Site "Aragon"]
[Date "2017.01.28"]
[Round "1.6"]
[White "Hefty, Jorge W"]
[Black "Solano Lasierra, Javier"]
[Result "1-0"]
[WhiteElo "2369"]
[BlackElo "2171"]
[PlyCount "49"]
[EventDate "2017.01.28"]
[WhiteTeam "IberCaja"]
[BlackTeam "L'Aurora Estadilla"]

1. d4 d5 2. c4 dxc4 3. Nf3 Nf6 4. e3 Bg4 5. Bxc4 e6 6. Nc3 Nbd7 7. h3 Bh5 8.
O-O Bb4 9. Be2 O-O 10. Qb3 c5 11. Rd1 Qc7 12. Bd2 Bxc3 13. Bxc3 Ne4 14. Be1
Rac8 15. Rac1 Qb8 16. d5 e5 17. Qa4 Ndf6 18. g4 Bg6 19. d6 Nxd6 20. Nxe5 b5 21.
Qa6 Nc4 22. Nxc4 bxc4 23. Bxc4 h5 24. g5 Ne4 25. Qxg6 1-0

[Event "Division Honor Aragonesa Grupo A "]
[Site "Aragon"]
[Date "2017.01.28"]
[Round "1.7"]
[White "Felez Casedas, Carlos"]
[Black "Martinez Cebolla, Alberto"]
[Result "0-1"]
[WhiteElo "2003"]
[BlackElo "2045"]
[PlyCount "70"]
[EventDate "2017.01.28"]
[WhiteTeam "L'Aurora Estadilla"]
[BlackTeam "IberCaja"]

1. e4 e5 2. Nf3 Nc6 3. Bc4 Nf6 4. d3 Bc5 5. O-O d6 6. c3 Bg4 7. Nbd2 O-O 8. b4
Bb6 9. Bb3 a6 10. Nc4 Ba7 11. Ne3 Be6 12. Nd5 Bxd5 13. Bxd5 Nxd5 14. exd5 Ne7
15. c4 Nf5 16. Rb1 Nd4 17. Nxd4 Bxd4 18. Bb2 Qf6 19. Bxd4 exd4 20. Qg4 Rfe8 21.
Rbe1 Kf8 22. Re4 g6 23. Rfe1 Re5 24. f4 Rxe4 25. Rxe4 Rd8 26. Qe2 c6 27. dxc6
bxc6 28. Qb2 c5 29. Qa3 Rb8 30. Qxa6 Rxb4 31. h3 Kg7 32. Kh2 Rb2 33. a4 Rd2 34.
Qc6 Rxd3 35. a5 Qh4 0-1

[Event "Division Honor Aragonesa Grupo A "]
[Site "Aragon"]
[Date "2017.01.28"]
[Round "1.8"]
[White "Sanchez Castro, Roberto"]
[Black "Fuentes Espuna, Juan Antonio"]
[Result "0-1"]
[WhiteElo "1978"]
[BlackElo "1962"]
[PlyCount "104"]
[EventDate "2017.01.28"]
[WhiteTeam "IberCaja"]
[BlackTeam "L'Aurora Estadilla"]

1. e4 c5 2. Nf3 Nc6 3. d3 g6 4. g3 Bg7 5. Bg2 d6 6. c3 Nf6 7. Nbd2 O-O 8. O-O
Bg4 9. h3 Bd7 10. Kh2 Qc7 11. Qc2 Rac8 12. Ng1 b5 13. Ne2 Qb8 14. f4 e6 15. g4
d5 16. Ng3 d4 17. g5 Ne8 18. c4 Nb4 19. Qb1 a6 20. b3 f6 21. gxf6 Nxf6 22. e5
Ne8 23. a3 Nc6 24. Nge4 Ne7 25. Nf3 Nf5 26. Re1 Qb6 27. Qc2 Bh6 28. Nfg5 Bxg5
29. fxg5 Bc6 30. Nf6+ Nxf6 31. gxf6 Bxg2 32. Qxg2 Qc6 33. Qe4 Kf7 34. Ra2 Rg8
35. Rg2 h6 36. Rg4 g5 37. Qxc6 Rxc6 38. Re2 bxc4 39. bxc4 Rb6 40. Rg1 Rb3 41.
Rd1 Rgb8 42. Ra2 Rb1 43. Re1 Ne3 44. Bd2 Nf1+ 45. Rxf1 Rxf1 46. Kg2 Rfb1 47.
Kf3 R8b2 48. Rxb2 Rxb2 49. Ba5 Rh2 50. Bb6 Rxh3+ 51. Ke2 Re3+ 52. Kd2 Rxe5 0-1

[Event "Division Honor Aragonesa Grupo A "]
[Site "Aragon"]
[Date "2017.01.28"]
[Round "1.9"]
[White "Van Ojik, Mark"]
[Black "Lana Rodriguez, David"]
[Result "0-1"]
[WhiteElo "2303"]
[BlackElo "2263"]
[PlyCount "98"]
[EventDate "2017.01.28"]
[WhiteTeam "ONCE C.A. Aragon"]
[BlackTeam "Agrupacion"]

1. d4 Nf6 2. Nf3 e6 3. Bf4 c5 4. c3 Nc6 5. e3 Qb6 6. Qb3 Be7 7. Nbd2 d5 8. h3
Bd7 9. Ne5 Nxe5 10. Bxe5 c4 11. Qc2 Qd8 12. Be2 O-O 13. O-O b5 14. b3 Bc6 15.
bxc4 bxc4 16. Bf3 Nd7 17. Bg3 f5 18. a4 Qc8 19. Rfb1 a5 20. Bd1 Ra7 21. Nf3 Rb7
22. Ne5 Rxb1 23. Qxb1 Nxe5 24. Bxe5 Qd7 25. Ra2 Re8 26. Rb2 Bd6 27. f4 Bxe5 28.
fxe5 Re7 29. Rb8+ Kf7 30. Rh8 Kg6 31. Qa2 Kh6 32. Qf2 g5 33. h4 Kg7 34. Rb8 Re8
35. Rxe8 Qxe8 36. hxg5 Bxa4 37. Bxa4 Qxa4 38. Qh4 Qd7 39. Kf2 a4 40. Qh6+ Kg8
41. Qh1 a3 42. Qb1 Qe7 43. Qb6 Kf7 44. Qa6 Kg6 45. Qa8 Kxg5 46. Qa6 Kg4 47. Qa8
Qh4+ 48. Ke2 Qh2 49. Qxa3 Qxg2+ 0-1

[Event "Division Honor Aragonesa Grupo A "]
[Site "Aragon"]
[Date "2017.01.28"]
[Round "1.10"]
[White "Ramon Perez, Jose Luis"]
[Black "Gavin Roche, Enrique"]
[Result "0-1"]
[WhiteElo "2256"]
[BlackElo "2261"]
[PlyCount "110"]
[EventDate "2017.01.28"]
[WhiteTeam "Agrupacion"]
[BlackTeam "ONCE C.A. Aragon"]

1. e4 e6 2. Qe2 c5 3. Nf3 Nc6 4. g3 g6 5. Bg2 Bg7 6. O-O Nge7 7. d3 O-O 8. a4
h6 9. Na3 a6 10. c3 d5 11. Bd2 Na5 12. exd5 exd5 13. Rae1 Be6 14. Bf4 Nec6 15.
h4 Kh7 16. Nc2 Nb3 17. Qd1 b5 18. axb5 axb5 19. h5 g5 20. Ne5 Nxe5 21. Bxe5 f6
22. Bc7 Qd7 23. Na3 Na5 24. Bxa5 Rxa5 25. d4 b4 26. cxb4 cxb4 27. Nc2 Rb8 28.
Ne3 b3 29. Qd3+ Kh8 30. Ra1 Ra2 31. Rxa2 bxa2 32. Qa3 f5 33. Qxa2 f4 34. Bxd5
Bh3 35. Ng2 fxg3 36. fxg3 Rd8 37. Kh2 Bg4 38. Ne3 Bxd4 39. Nxg4 Qxg4 40. Bf3
Qf5 41. Bg2 Qe5 42. Qa6 Qg7 43. b4 g4 44. b5 Be5 45. Qe6 Qg5 46. Qf5 Qh4+ 47.
Kg1 Bd4+ 48. Rf2 Qxg3 49. Kf1 Qc3 50. Be4 Qh3+ 51. Ke2 Qe3+ 52. Kd1 Be5+ 53.
Kc2 Qc3+ 54. Kb1 Rd1+ 55. Ka2 Ra1# 0-1

[Event "Division Honor Aragonesa Grupo A "]
[Site "Aragon"]
[Date "2017.01.28"]
[Round "1.11"]
[White "Laliena Solanes, Luis"]
[Black "Roque Sola, Jose Luis"]
[Result "1-0"]
[WhiteElo "2179"]
[BlackElo "2177"]
[PlyCount "79"]
[EventDate "2017.01.28"]
[WhiteTeam "ONCE C.A. Aragon"]
[BlackTeam "Agrupacion"]

1. e4 e6 2. d3 c5 3. Nf3 Nc6 4. Qe2 Nf6 5. g3 Be7 6. Bg2 O-O 7. O-O d5 8. e5
Nd7 9. c4 dxc4 10. dxc4 Qc7 11. Bf4 b6 12. Nc3 a6 13. Ne4 Bb7 14. Nf6+ gxf6 15.
exf6 Bd6 16. Bxd6 Qxd6 17. Rad1 Qc7 18. Qd2 Nxf6 19. Qg5+ Kh8 20. Qxf6+ Kg8 21.
Ng5 Nd4 22. Rde1 Bxg2 23. Kxg2 Ra7 24. Re4 Qc6 25. f3 Nf5 26. Kh3 Qd7 27. g4
Nd4 28. Nxh7 Kxh7 29. Re5 Nf5 30. gxf5 Qd2 31. fxe6 Qh6+ 32. Qxh6+ Kxh6 33. e7
Re8 34. Rfe1 Kg6 35. Kg4 Kf6 36. h4 b5 37. Rxc5 bxc4 38. Rxc4 Rexe7 39. Rxe7
Kxe7 40. Rc6 1-0

[Event "Division Honor Aragonesa Grupo A "]
[Site "Aragon"]
[Date "2017.01.28"]
[Round "1.12"]
[White "Mimbela Lopez, Miguel A"]
[Black "Latorre Abad, Fernando"]
[Result "1/2-1/2"]
[WhiteElo "2146"]
[BlackElo "2073"]
[PlyCount "49"]
[EventDate "2017.01.28"]
[WhiteTeam "Agrupacion"]
[BlackTeam "ONCE C.A. Aragon"]

1. e4 c5 2. Nf3 e6 3. d4 cxd4 4. Nxd4 a6 5. g3 d5 6. Bg2 dxe4 7. O-O Nf6 8. Nc3
e5 9. Nb3 Qxd1 10. Rxd1 Bg4 11. Re1 Nc6 12. Nxe4 Nxe4 13. Bxe4 O-O-O 14. Be3
Nd4 15. Bxd4 exd4 16. f3 Be6 17. Bd3 Bb4 18. Re4 Bxb3 19. cxb3 Rhe8 20. Rc1+
Kb8 21. Rc2 Rxe4 22. fxe4 f6 23. a3 Bd6 24. b4 Rc8 25. Rxc8+ 1/2-1/2

[Event "Division Honor Aragonesa Grupo A "]
[Site "Aragon"]
[Date "2017.01.28"]
[Round "1.13"]
[White "Sancho Cortes, Miguel Angel"]
[Black "Villuendas Valero, Adrian"]
[Result "0-1"]
[WhiteElo "2063"]
[BlackElo "2311"]
[PlyCount "100"]
[EventDate "2017.01.28"]
[WhiteTeam "Marcos Frechin"]
[BlackTeam "St. Casablanca B"]

1. e4 c5 2. d4 cxd4 3. c3 Nf6 4. e5 Nd5 5. Nf3 e6 6. cxd4 d6 7. a3 Nd7 8. exd6
Bxd6 9. Bd3 N7f6 10. O-O O-O 11. Ne5 b6 12. Nd2 Bb7 13. Ndc4 Bc7 14. Re1 b5 15.
Ne3 a6 16. N3g4 Nxg4 17. Qxg4 f5 18. Qh3 Nf6 19. Nf3 Qd6 20. Bd2 Rfe8 21. Bb4
Qd7 22. Rad1 Rad8 23. Bc2 Bd5 24. Ne5 Qc8 25. Bb3 Qb7 26. Bxd5 Qxd5 27. Rc1
Bxe5 28. dxe5 Ne4 29. Bc3 Qc5 30. Qe3 Rd5 31. f3 Qxe3+ 32. Rxe3 Nc5 33. Kf1 Nd3
34. Rc2 Rc8 35. Rd2 Nf4 36. Rxd5 Nxd5 37. Rd3 Kf7 38. g3 g5 39. Ke2 h5 40. h3
h4 41. Be1 hxg3 42. Bxg3 Rh8 43. Rd1 Rxh3 44. Rg1 f4 45. Bf2 Kg6 46. Rc1 Kf5
47. Bd4 Rh2+ 48. Kd3 Rh3 49. Ke2 g4 50. fxg4+ Ke4 0-1

[Event "Division Honor Aragonesa Grupo A "]
[Site "Aragon"]
[Date "2017.01.28"]
[Round "1.14"]
[White "Gomez Anadon, Daniel"]
[Black "Gaspar Calvo, Luis Alberto"]
[Result "1-0"]
[WhiteElo "2175"]
[BlackElo "1985"]
[PlyCount "79"]
[EventDate "2017.01.28"]
[WhiteTeam "St. Casablanca B"]
[BlackTeam "Marcos Frechin"]

1. Nf3 c5 2. c4 Nf6 3. g3 g6 4. Bg2 Bg7 5. Nc3 Nc6 6. O-O O-O 7. d4 cxd4 8.
Nxd4 Nxd4 9. Qxd4 d6 10. Qd3 a6 11. Rd1 Qc7 12. Bg5 Be6 13. Nd5 Bxd5 14. cxd5
h6 15. Be3 Nd7 16. Rac1 Qa5 17. Qb3 b5 18. Bh3 Ne5 19. Bd2 Qb6 20. Qb4 a5 21.
Qh4 g5 22. Qe4 Nc4 23. b3 Nxd2 24. Rxd2 e6 25. dxe6 fxe6 26. Qxe6+ Kh8 27. Bf5
Rf6 28. Rc8+ Rxc8 29. Qxc8+ Rf8 30. Qc2 b4 31. Rd5 Be5 32. e3 Qa6 33. Bd3 Qa8
34. Qc7 Bg7 35. Qxd6 Bf6 36. Qe6 Qe8 37. Qf5 Rf7 38. Qg6 Qf8 39. Rxa5 Bc3 40.
Ra6 1-0

[Event "Division Honor Aragonesa Grupo A "]
[Site "Aragon"]
[Date "2017.01.28"]
[Round "1.15"]
[White "Fabre Perez, Jose Maria"]
[Black "Bellosta Lopez, Pablo"]
[Result "0-1"]
[WhiteElo "1978"]
[BlackElo "2066"]
[PlyCount "124"]
[EventDate "2017.01.28"]
[WhiteTeam "Marcos Frechin"]
[BlackTeam "St. Casablanca B"]

1. e4 c5 2. Nf3 d6 3. d4 Nf6 4. Nc3 cxd4 5. Nxd4 a6 6. Qf3 Nbd7 7. Be3 e5 8.
Nf5 g6 9. Nh6 b5 10. a4 b4 11. Nd5 Bxh6 12. Bxh6 Nxd5 13. exd5 Bb7 14. Rd1 Rc8
15. Qe4 Qb6 16. Be2 f5 17. Qh4 Kf7 18. Be3 Nc5 19. f4 Qd8 20. Qxd8 Rhxd8 21. a5
Ne4 22. Bd3 Nf6 23. Bb6 Rd7 24. b3 Nxd5 25. Bc4 Rxc4 26. bxc4 Nxf4 27. O-O Nxg2
28. c5 Ke6 29. Rxd6+ Rxd6 30. cxd6 Nf4 31. Rxf4 exf4 32. Bc5 Be4 33. Kf2 Bxc2
34. Bxb4 Ba4 35. Kf3 g5 36. Kf2 Bc6 37. Ba3 g4 38. Bb4 h5 39. Bd2 Ke5 40. Bc3+
Kxd6 41. Bf6 Kc5 42. Bg5 Kb5 43. Bd8 Bd5 44. Bc7 h4 45. Bxf4 Kxa5 46. Bg5 h3
47. Bf4 Kb4 48. Ke3 Kc3 49. Be5+ Kc2 50. Bc7 Kc3 51. Ba5+ Kc4 52. Bc7 Kb5 53.
Kd4 Be4 54. Kc3 a5 55. Bd6 a4 56. Kb2 Kc4 57. Ka3 Bc6 58. Kb2 Kd3 59. Kc1 Ke2
60. Kc2 Be4+ 61. Kc3 Kf3 62. Kd4 f4 0-1

[Event "Division Honor Aragonesa Grupo A "]
[Site "Aragon"]
[Date "2017.01.28"]
[Round "1.16"]
[White "Roque Sola, Gisela"]
[Black "Ruiperez Gumiel, Ramon"]
[Result "1-0"]
[WhiteElo "2061"]
[BlackElo "1870"]
[PlyCount "71"]
[EventDate "2017.01.28"]
[WhiteTeam "St. Casablanca B"]
[BlackTeam "Marcos Frechin"]

1. c4 g6 2. g3 Bg7 3. Bg2 f6 4. Nc3 Nh6 5. Nf3 Nf7 6. d3 O-O 7. O-O Nc6 8. Rb1
e5 9. b4 d6 10. b5 Ne7 11. Nd2 g5 12. Qb3 Ng6 13. Ba3 Kh8 14. c5 f5 15. Bd5 Nh6
16. b6 axb6 17. cxd6 cxd6 18. Nc4 Rf6 19. Nxb6 Rb8 20. Nxc8 Qxc8 21. Nb5 f4 22.
Nxd6 Qh3 23. Bg2 Qh5 24. Ne4 Ng4 25. h3 fxg3 26. Nxf6 gxf2+ 27. Rxf2 Nxf6 28.
Qf7 g4 29. Rxf6 gxh3 30. Rxg6 hxg6 31. Bf3 Qh4 32. Qxg6 Rg8 33. Qh5+ Bh6+ 34.
Kh1 Qf4 35. Bd6 Kh7 36. Rxb7+ 1-0

[Event "Division Honor Aragonesa Grupo B"]
[Site "Aragon"]
[Date "2017.01.28"]
[Round "1.17"]
[White "Baquedano Coarasa, Pablo"]
[Black "Garcia Fernandez, Javier"]
[Result "0-1"]
[WhiteElo "2214"]
[BlackElo "2166"]
[PlyCount "90"]
[EventDate "2017.01.28"]
[WhiteTeam "Palacio de Pioneros"]
[BlackTeam "Teruel"]

1. d4 Nf6 2. c4 c6 3. Nc3 d5 4. Nf3 Bf5 5. Qb3 Qb6 6. Qxb6 axb6 7. cxd5 Nxd5 8.
Nxd5 cxd5 9. Bf4 Na6 10. Rc1 f6 11. a3 g5 12. Bg3 h5 13. h4 g4 14. Nd2 Bg7 15.
e3 Kf7 16. Bb5 Rac8 17. O-O e5 18. Nb3 Nc7 19. Be2 Ne6 20. Bb5 exd4 21. Nxd4
Nxd4 22. exd4 Bh6 23. Rc7+ Rxc7 24. Bxc7 Rc8 25. Bxb6 Rc2 26. b4 g3 27. Ba4 Rb2
28. Bb5 Bf4 29. a4 gxf2+ 30. Kh1 Bg3 31. a5 Bg4 32. Bd8 Be2 33. Bxe2 Rxe2 34.
Bc7 Re1 35. Bxg3 Rxf1+ 36. Kh2 Rh1+ 37. Kxh1 f1=Q+ 38. Kh2 Qc4 39. Bd6 Qxd4 40.
g3 Ke6 41. Bc5 Qd2+ 42. Kh3 d4 43. b5 Kd5 44. Bb6 Qb4 45. a6 bxa6 0-1

[Event "Division Honor Aragonesa Grupo B"]
[Site "Aragon"]
[Date "2017.01.28"]
[Round "1.18"]
[White "Dominguez Bujeda, Jesus"]
[Black "Romero Pallares, Daniel"]
[Result "0-1"]
[WhiteElo "2104"]
[BlackElo "2211"]
[PlyCount "104"]
[EventDate "2017.01.28"]
[WhiteTeam "Teruel"]
[BlackTeam "Palacio de Pioneros"]

1. d4 g6 2. Nf3 Nf6 3. Bf4 Bg7 4. e3 O-O 5. h3 d6 6. Be2 Nbd7 7. O-O b6 8. c4
Ne4 9. Nbd2 Nxd2 10. Qxd2 Bb7 11. Rfd1 e6 12. Rac1 Qe7 13. b4 e5 14. Bh2 Rfd8
15. c5 dxc5 16. dxc5 Nxc5 17. Qc2 Rxd1+ 18. Rxd1 Ne4 19. Qb2 Nd6 20. Nxe5 Re8
21. f4 f6 22. Qb3+ Kf8 23. Bb5 fxe5 24. Bxe8 Qxe8 25. fxe5 Bxe5 26. Rf1+ Kg7
27. Bxe5+ Qxe5 28. Qd3 Nf5 29. Re1 Qg3 30. Qd7+ Kh6 31. Qd2 Be4 32. Qf2 Qxf2+
33. Kxf2 Ne7 34. Rc1 c6 35. Rd1 Nd5 36. Rd4 Nf6 37. Rd8 Kg5 38. Rc8 Kf5 39. Rc7
Ke5 40. Rxa7 c5 41. bxc5 bxc5 42. g3 c4 43. Rc7 Bd3 44. Ke1 h5 45. a4 Ne4 46.
Rd7 c3 47. Re7+ Kd5 48. Kd1 Nc5 49. Re8 c2+ 50. Kd2 Nb3+ 51. Kxd3 c1=Q 52. Rd8+
Ke6 0-1

[Event "Division Honor Aragonesa Grupo B"]
[Site "Aragon"]
[Date "2017.01.28"]
[Round "1.19"]
[White "Palacios Herrero, Pablo"]
[Black "Martin Catalan, Juan Vicente"]
[Result "1-0"]
[WhiteElo "2095"]
[BlackElo "2059"]
[PlyCount "161"]
[EventDate "2017.01.28"]
[WhiteTeam "Palacio de Pioneros"]
[BlackTeam "Teruel"]

1. e4 c5 2. Nf3 g6 3. d4 cxd4 4. Nxd4 Bg7 5. Nc3 Nc6 6. Be3 Nf6 7. Bc4 O-O 8.
Bb3 d6 9. f3 Bd7 10. Qd2 a6 11. O-O-O Rc8 12. Kb1 Ne5 13. h4 Nc4 14. Bxc4 Rxc4
15. h5 b5 16. hxg6 fxg6 17. e5 Ne8 18. b3 Rxc3 19. Qxc3 Bxe5 20. Qe1 Qc8 21. f4
Bh8 22. Nf3 Bf5 23. Rc1 Rf7 24. Bd4 Nf6 25. Ng5 h5 26. Nxf7 Kxf7 27. Qc3 Qb7
28. Rhe1 Bg7 29. g3 Nd5 30. Qd2 Nf6 31. Qc3 Nd5 32. Qb2 Nf6 33. Ka1 a5 34. c4
b4 35. Re2 Qc6 36. Rce1 e6 37. Qd2 Bg4 38. Re3 Bf5 39. Bb2 Ne4 40. Rxe4 Bxb2+
41. Qxb2 Bxe4 42. Qd4 Bf5 43. Qa7+ Kf6 44. Qxa5 Qf3 45. Qxb4 Qxg3 46. Qd2 h4
47. Qd4+ Kf7 48. Rg1 Qf3 49. Qh8 e5 50. Qh7+ Ke8 51. Qg8+ Ke7 52. Qg7+ Ke8 53.
Qh8+ Ke7 54. Qxh4+ Ke6 55. Kb2 Qe3 56. Qe1 Qd4+ 57. Ka3 Qa7+ 58. Kb4 Qc5+ 59.
Ka4 Qc6+ 60. Ka3 Qc5+ 61. b4 Qxc4 62. fxe5 Qd3+ 63. Kb2 Qd4+ 64. Kb3 Qd5+ 65.
Kc3 Qf3+ 66. Kb2 dxe5 67. Rg3 Qf4 68. a4 Qd4+ 69. Ka3 Kf6 70. a5 Qd5 71. Qe3
Be6 72. Qg5+ Kf7 73. Qxg6+ Ke7 74. Qb1 Qd4 75. Rd3 Qc4 76. Re3 Qd4 77. Rg3 Bf7
78. Qb2 Qd5 79. Re3 Kf6 80. a6 Be6 81. a7 1-0

[Event "Division Honor Aragonesa Grupo B"]
[Site "Aragon"]
[Date "2017.01.28"]
[Round "1.20"]
[White "Arpa Pardos, Emilio"]
[Black "Echarte Buil, Oscar"]
[Result "1-0"]
[WhiteElo "1972"]
[BlackElo "2111"]
[PlyCount "107"]
[EventDate "2017.01.28"]
[WhiteTeam "Teruel"]
[BlackTeam "Palacio de Pioneros"]

1. Nf3 c5 2. c4 g6 3. d4 cxd4 4. Nxd4 Bg7 5. e4 Nc6 6. Be3 Nf6 7. Nc3 Ng4 8.
Qxg4 Nxd4 9. Qd1 Ne6 10. Qd2 O-O 11. Be2 b6 12. O-O Bb7 13. f4 Bxc3 14. Qxc3
Bxe4 15. f5 gxf5 16. Bh6 f6 17. Bxf8 Qxf8 18. Bf3 Qg7 19. Rae1 Ng5 20. Bxe4
fxe4 21. Qd4 Rd8 22. Kh1 Kh8 23. Qf2 Rg8 24. h4 Qh6 25. Qf4 Qh5 26. Qh2 Ne6 27.
Rxe4 Rg4 28. Rxg4 Qxg4 29. Rf3 d6 30. Qh3 Qxc4 31. b3 Qc1+ 32. Kh2 Nd4 33. Rc3
Qf4+ 34. Qg3 Qxg3+ 35. Rxg3 a5 36. Rc3 Kg7 37. Rc7 Kf7 38. Rb7 b5 39. Ra7 f5
40. Rxa5 e5 41. Ra7+ Ke6 42. Rxh7 e4 43. Kg1 f4 44. a4 Nxb3 45. axb5 Nd2 46.
Kf2 Nc4 47. Rc7 d5 48. h5 Ne5 49. h6 Ng4+ 50. Ke2 d4 51. h7 d3+ 52. Kd2 Nf2 53.
h8=Q e3+ 54. Kc3 1-0

[Event "Division Honor Aragonesa Grupo B"]
[Site "Aragon"]
[Date "2017.01.28"]
[Round "1.21"]
[White "Adla, Diego"]
[Black "Del Rey, Diego"]
[Result "1-0"]
[WhiteElo "2398"]
[BlackElo "2356"]
[PlyCount "63"]
[EventDate "2017.01.28"]
[WhiteTeam "St. Casablanca"]
[BlackTeam "El Olivar"]

1. c4 e5 2. Nc3 Bb4 3. Nd5 Na6 4. Nxb4 Nxb4 5. a3 Nc6 6. d3 Nge7 7. g3 d5 8.
cxd5 Qxd5 9. Nf3 Bg4 10. Bg2 Qd7 11. O-O Bh3 12. Bxh3 Qxh3 13. Qb3 O-O 14. Bd2
Qd7 15. Bc3 Ng6 16. Qxb7 Rab8 17. Qa6 Nd4 18. Bxd4 exd4 19. Qxa7 Rfd8 20. Rac1
Rxb2 21. Rxc7 Qd5 22. Re1 Rb5 23. Rec1 h6 24. Rc8 Rxc8 25. Rxc8+ Kh7 26. Qxd4
Qe6 27. Rc2 Qh3 28. Rb2 Rh5 29. a4 Qc8 30. Rb5 f5 31. Rd5 Nf8 32. Qc5 1-0

[Event "Division Honor Aragonesa Grupo B"]
[Site "Aragon"]
[Date "2017.01.28"]
[Round "1.22"]
[White "Palacios Latasa, Elias"]
[Black "Glavina, Pablo"]
[Result "0-1"]
[WhiteElo "2237"]
[BlackElo "2391"]
[PlyCount "68"]
[EventDate "2017.01.28"]
[WhiteTeam "El Olivar"]
[BlackTeam "St. Casablanca"]

1. e4 e5 2. Nc3 Bc5 3. Bc4 d6 4. d3 Nf6 5. Na4 Bb6 6. Nxb6 axb6 7. Bg5 h6 8.
Bh4 Nc6 9. f3 Be6 10. Ne2 g5 11. Bf2 d5 12. Bb3 Qd6 13. h4 O-O-O 14. Nc3 Nd4
15. Qd2 g4 16. O-O-O gxf3 17. gxf3 Nxf3 18. Qe3 Nd4 19. exd5 Nxd5 20. Nxd5 Bxd5
21. Qh3+ Kb8 22. Bxd5 Qxd5 23. Bxd4 exd4 24. Kb1 Rde8 25. Rde1 Re3 26. Rxe3
dxe3 27. Re1 Re8 28. a3 Qe5 29. Qd7 f5 30. d4 Qe6 31. Qb5 f4 32. d5 Qe5 33. Qd7
f3 34. d6 cxd6 0-1

[Event "Division Honor Aragonesa Grupo B"]
[Site "Aragon"]
[Date "2017.01.28"]
[Round "1.23"]
[White "Lopez Gracia, Fernando"]
[Black "Hernando Garcia, Antonio"]
[Result "1-0"]
[WhiteElo "2302"]
[BlackElo "2185"]
[PlyCount "103"]
[EventDate "2017.01.28"]
[WhiteTeam "St. Casablanca"]
[BlackTeam "El Olivar"]

1. e4 d5 2. exd5 Qxd5 3. Nc3 Qd8 4. Bc4 c6 5. d3 Bf5 6. Bxf7+ Kxf7 7. Qf3 e6 8.
g4 g6 9. gxf5 exf5 10. Nh3 Be7 11. Bd2 Kg7 12. Rg1 Qd7 13. O-O-O Na6 14. Nf4
Nf6 15. Rde1 Nc7 16. h4 Rag8 17. Qe3 Kf7 18. Qxa7 Ra8 19. Qb6 Nfd5 20. Ncxd5
Nxd5 21. Nxd5 cxd5 22. Bc3 Ra6 23. Qe3 Bf6 24. Bxf6 Rxf6 25. Qd4 Rd8 26. Re5
Re6 27. Rxf5+ gxf5 28. Rg7+ Ke8 29. Rxd7 Rxd7 30. Qh8+ Ke7 31. Qxh7+ Kd6 32.
Qxf5 Rde7 33. Qf4+ Kc6 34. Qa4+ Kd6 35. Qf4+ Kc6 36. Qd4 Re1+ 37. Kd2 R7e2+ 38.
Kc3 Rc1 39. Qa4+ b5 40. Qa6+ Kc7 41. Qa7+ Kc6 42. b4 Rcxc2+ 43. Kd4 Rxf2 44.
Qa6+ Kc7 45. Kxd5 Rf5+ 46. Ke4 Rcf2 47. h5 R2f4+ 48. Ke3 Rxb4 49. Qa7+ Kc6 50.
Qa8+ Kb6 51. Qd8+ Kc6 52. Qc8+ 1-0